01452nab a2200373 a 450000100060000000300080000600500170001400600190003100700150005000800410006502200140010603500210012004000260014105000190016708000070018608200120019310000230020522200340022824501780026226001350044030000100057531000140058536200260059953301640062565000320078965000290082165000360085065000290088665500320091570000250094770000250097271000190099785600620101651494FlNmELB20241216232319.0m o d | cr cn|||||||||201106r2002 bl |||||s|||||||||||spa d a0102-311X a(OCoLC)955351856 aFlNmELBbspacFlNmELB 4aH1bF4949 2002 a0304a3002221 aFindling, Liliana. 0aCadernos de Saúde Pública10aDesregulación y equidadh[recurso electronico] :bel proceso de reconversión de Obras Sociales en Argentina. /cLiliana Findling, María Arruñada, Ezequiel Klimovsky. aRio de Janeiro (Brasil) :bCadernos de Saúde Pública - Escola Nacional de Saúde Pública, Fundação Oswaldo Cruz,c2002. a11 p. aBimestral0 aVol. 18, No. 4(2002)- aRecurso electrónico. Santa Fe, Arg.: e-libro, 2015. Disponible vía World Wide Web. El acceso puede estar limitado para las bibliotecas afiliadas a e-libro. 4aMedicina.xSalud pública. 4aMedical.xPublic health. 4aMedicina.xPolítica de salud. 4aMedical.xHealth Policy. 4aArtículos electrónicos.1 aArruñada, María.1 aKlimovsky, Ezequiel.2 ae-libro, Corp.40uhttps://elibro.net/ereader/politecnicointernacional/27748